| 000 | 00572cam a2200181 4500 | ||
|---|---|---|---|
| 020 | _a0070113939 | ||
| 040 | _cDLC | ||
| 082 | 0 | 0 | _a330 HIL 1975 A075 Or. |
| 100 | 1 | _aClough, Shepard B. | |
| 245 | 1 | 0 |
_aEuropean economic history; _bthe economic development of Western civilization |
| 250 | _a3d ed. | ||
| 260 |
_aNew York, _bMcGraw-Hill _c[1975] |
||
| 300 |
_axix, 571 p. _billus. _c24 cm. |
||
| 500 | _aFirst published in 1959 under title: The economic development of Western civilization. | ||
| 650 | 0 | _aEconomic history. | |
| 700 | 1 | _aRapp, Richard T., | |
| 942 | _cEK | ||
| 999 |
_c15376 _d15376 |
||